书目信息 |
| 题名: |
城市中心区规划
|
|
| 作者: | 沈磊 主编 | |
| 分册: | ||
| 出版信息: | 北京 中国建筑工业出版社 2014 |
|
| 页数: | 12,388页 | |
| 开本: | 26cm | |
| 丛书名: | 转型时期城市规划理论与实践探索丛书 | |
| 单 册: | ||
| 中图分类: | TU984.16 | |
| 科图分类: | ||
| 主题词: | 市中心--城市规划 , 城市规划 , 市中心 | |
| 电子资源: | ||
| ISBN: | 978-7-112-15828-7 | |
| 000 | 00969nam0 2200265 450 | |
| 001 | 142336 | |
| 005 | 20191109094530.95 | |
| 010 | @a978-7-112-15828-7@dCNY 90.00 | |
| 100 | @a20141016d2014 em y0chiy50 ea | |
| 101 | 0 | @achi |
| 102 | @aCN@b110000 | |
| 105 | @aa z 000yy | |
| 200 | 1 | @a城市中心区规划@9cheng shi zhong xin qu gui hua@b专著@dResearch of city centry planning@f沈磊主编@zeng |
| 210 | @a北京@c中国建筑工业出版社@d2014 | |
| 215 | @a12,388页@c图@d26cm | |
| 225 | 1 | @a转型时期城市规划理论与实践探索丛书 |
| 330 | @a本书通过全球主要城市中心区规划建设案例实证,从集中与分散,人工与自然,活力与效率,历史与现代、现实与未来、科技与人文等六个方面概括并总结出转型时期城市中心区的城市空间发展策略。 | |
| 510 | 1 | @aResearch of city centry planning@zeng |
| 606 | 0 | @a市中心@x城市规划 |
| 606 | 0 | @a城市规划 |
| 606 | 0 | @a市中心 |
| 690 | @aTU984.16@v5 | |
| 701 | 0 | @a沈磊@9shen lei@f(1964.6 )@4主编 |
| 801 | 0 | @c20141220 |
| 905 | @a241430@dTU984.16@eS403 | |
| 城市中心区规划=Research of city centry planning/沈磊主编.-北京:中国建筑工业出版社,2014 |
| 12,388页:图;26cm.-(转型时期城市规划理论与实践探索丛书) |
| ISBN 978-7-112-15828-7:CNY 90.00 |
| 本书通过全球主要城市中心区规划建设案例实证,从集中与分散,人工与自然,活力与效率,历史与现代、现实与未来、科技与人文等六个方面概括并总结出转型时期城市中心区的城市空间发展策略。 |
| ● |
| 相关链接 |
|
|
|
正题名:城市中心区规划
索取号:TU984.16/S403
 
预约/预借
| 序号 | 登录号 | 条形码 | 馆藏地/架位号 | 状态 | 备注 |
| 1 | 1134619 | 211346195 | 建筑与城市规划学院资料室/201建筑库 95排1列3层/ [索取号:TU984.16/S403] | 在馆 | |
| 2 | 1134620 | 211346202 | 建筑与城市规划学院资料室/101建筑库 87排4列3层/ [索取号:TU984.16/S403] | 在馆 | |
| 3 | 1134621 | 211346211 | 建筑库201/201建筑库 93排1列5层/ [索取号:TU984.16/S403] | 在馆 | |
| 4 | 1302864 | 213028640 | 建筑与城市规划学院资料室/201建筑库 95排1列3层/ [索取号:TU984.16/S403] | 在馆 | |
| 5 | 1302865 | 213028659 | 建筑与城市规划学院资料室/201建筑库 95排1列3层/ [索取号:TU984.16/S403] | 在馆 | |
| 6 | 1302866 | 213028668 | 建筑库201/201建筑库 93排1列5层/ [索取号:TU984.16/S403] | 在馆 | |
| 7 | 1302867 | 213028677 | 建筑库201/201建筑库 93排1列5层/ [索取号:TU984.16/S403] | 在馆 | |
| 8 | 1302868 | 213028686 | 建筑库201/201建筑库 95排1列3层/ [索取号:TU984.16/S403] | 在馆 |